000 00552nam a2200229Ia 4500
003 OSt
005 20220924133143.0
006 a|||||r|||| 00| 0
007 ta
008 220923b |||||||| |||| 00| 0 san d
024 _a258304
037 _cTextual
040 _aARTS
_cARTS
_bsan
041 _2san
_asan
082 _aR65, 15J1
100 _aHridaya Sankara
_9205747
245 0 _aMulavidya nirasa
260 _c1951
300 _a134p.
_ccm.
942 _hR65, 15J1
_cTEXL
_2CC
999 _c432756
_d432756